| 000 | 00314nam a22001217a 4500 | ||
|---|---|---|---|
| 999 |
_c508924 _d508924 |
||
| 082 | _aQ43x54 N511 | ||
| 100 |
_aNagalaxmibai, K.G. _94450 |
||
| 245 |
_aBabies on sale _cK.G. Nagalaxmibai |
||
| 260 |
_aBangalore _bN.Gopal _c2010 |
||
| 300 | _a88p. | ||
| 650 |
_aHuman smuggling _915000 |
||
| 650 |
_aChild welfare _915001 |
||